Nacimiento del arte griego

Bibliographic Details
Main Author: Demargne, Pierre
Format: Section = Libro
Language:Undetermined
Spanish
Published: Madrid, España Aguilar 1964
Subjects:
LEADER 00436nam a2200169Ia 4500
008 240829s9999 xx 000 0 und d
040 |a BIBLIOTECA-RUSB/ Ref 709.01 D372 
041 |a spa 
082 |a Ref 709.01 D372 
100 1 |a Demargne, Pierre 
245 1 0 |a Nacimiento del arte griego 
260 |a Madrid, España  |b Aguilar  |c 1964 
300 |a 449 p. :il. 
650 7 |a ARTE GRIEGO-HISTORIA 
942 |c BK  |2 ddc 
991 |a TEXTO 
999 |c 6369